LEADER 00918nam a2200265 i 4500 001 991002181129707536 005 20020503162020.0 008 000908s1973 it ||| | ita 035 $ab10327836-39ule_inst 035 $aEXGIL98961$9ExL 040 $aBiblioteca Interfacoltà$bita 082 0 $a135 100 1 $aMaillant, Charles$0466810 245 13$aIl codice dei sogni /$cCharles Maillant ; traduzione di Paola Forti 260 $aMilano :$bMondadori,$c1973 300 $a341 p. ;$c21 cm. 500 $aTit. orig.: Le code des rêves 650 4$aSogno - Interpretazione 700 1 $aForti, Paola 907 $a.b10327836$b02-04-14$c27-06-02 912 $a991002181129707536 945 $aLE002 Ps. III B 9$g1$i2002000558664$lle002$o-$pE0.00$q-$rl$s- $t0$u0$v0$w0$x0$y.i10385629$z27-06-02 996 $aCodice dei sogni$9200100 997 $aUNISALENTO 998 $ale002$b01-01-00$cm$da $e-$fita$git $h3$i1